LEADER 01528nam 2200409 450 001 000008509 005 20050718115300.0 010 $a88-207-1493-0 100 $a20010716d1987----km-y0itay0103----ba 101 0 $aita 102 $aIT 200 1 $aFisica 1$emeccanica, termodinamica$ecorso di fisica per le facoltą tecnico-scientifiche corredato di esempi ed esercizi$fCorrado Mencuccini, Vittorio Silvestrini 205 $a2. ed. 210 $aNapoli$cLiguori$d1987 215 $a712 p.$cill.$d27 cm. 225 1 $aManuali per l' Universitą 606 $aMeccanica 606 $aTermodinamica 676 $a531$v(20. ed.)$9Meccanica classica. Meccanica dei solidi 700 1$aMencuccini,$bCorrado$0332090 701 1$aSilvestrini,$bVittorio$0359 801 0$aIT$bUniversitą della Basilicata - B.I.A.$gRICA$2unimarc 912 $a000008509 996 $aFisica 1$977359 997 $aUNIBAS BAS $aMONSCI BAS $aMONOGR BAS $aSCIENZE CAT $aTORRE$b20$c20010716$lBAS01$h1146 CAT $c20050601$lBAS01$h1754 CAT $abatch$b01$c20050718$lBAS01$h1049 CAT $c20050718$lBAS01$h1109 CAT $c20050718$lBAS01$h1139 CAT $c20050718$lBAS01$h1153 FMT Z30 -1$lBAS01$LBAS01$mBOOK$1BASA2$APolo Tecnico-Scientifico$2DID$BDidattica$3PTS.s2.p44.19A$676446$5S76446$820010716$f04$FPrestabile Didattica Z30 -1$lBAS01$LBAS01$mBOOK$1BASA2$APolo Tecnico-Scientifico$2DID$BDidattica$3PTS.s2.p44.19B$659256$5S59256$820030410$f04$FPrestabile Didattica LEADER 00787nam 2200241 450 001 9910341456803321 005 20191011111238.0 010 $a9791220029896 100 $a20191011d2017----u y0engy50 ba 101 0 $aita 102 $aIT 105 0 $a 00 200 1 $a7 sorelle madonne e stelle e il protagonismo dei femminielli nelle feste tradizionali campane$fGerardo Sinatore 210 $aScafati$cPuntoAgroNews$d2017 215 $a237 p.$d23 cm 610 0 $aFeste popolari$aCampania 676 $a394.26$v22$zita 700 1$aSinatore,$bGerardo$0767280 912 $a9910341456803321 952 $a394.26 SIN 1$b6602$fbfs 959 $abfs 996 $a7 sorelle madonne e stelle e il protagonismo dei femminielli nelle feste tradizionali campane$91562037 997 $aUNINA LEADER 02972nam 2200457 450 001 9910483611203321 005 20230630002131.0 010 $a3-030-63023-4 035 $a(CKB)4100000011891292 035 $a(MiAaPQ)EBC6568269 035 $a(Au-PeEL)EBL6568269 035 $a(OCoLC)1247664708 035 $a(EXLCZ)994100000011891292 100 $a20211119d2021 uy 0 101 0 $aeng 135 $aurcnu|||||||| 181 $ctxt$2rdacontent 182 $cc$2rdamedia 183 $acr$2rdacarrier 200 00$aAbortion $eglobal positions and practices, religious and legal perspectives /$fAlireza Bagheri, editor ; foreword by Robert M. Veatch 210 1$aCham, Switzerland :$cSpringer,$d[2021] 210 4$d©2021 215 $a1 online resource (293 pages) 311 $a3-030-63022-6 327 $aA Brief Introduction to Medical Practice and Public Policy in Abortion/ Alireza Bagheri -- Conservative Judaism on Abortion and Related Issues/ Elliot N. Dorff -- Abortion from the Perspective of Orthodox Judaism/ Noam Stadlan -- Abortion in Reform Judaism/ Jonathan K. Crane -- Fearfully and Wonderfully Made: The Catholic Church?s Position on Abortion/ Laura Wolk, O. Carter Snead -- Church of England (Anglican) Perspectives on Abortion/ Robin Gill -- Abortion from the Perspective of the Russian and Greek Orthodox Churches/ Galina Mikirtichan, Sergey Filimonov, Olga Ochkur, Olga Jarman -- The Moral Evaluation of Abortion Within the Wesleyan Methodist Movement/ James Thobaben -- Abortion in the Reformed Christian Tradition/ David VanDrunen -- Abortion in Hanaf ? Law/ Muhammed V. Stodolsky, Aasim I. Padela -- Maliki Perspectives on Abortion/ Thomas Eich -- Abortion: Shafi?i Perspective/ Mohammad Ali Al-Bar -- Abortion in the Hanbali School of Jurisprudence: A Systematic Ethical Approach/ Mu?taz Al-Khatib -- Abortion: Shi?ite Perspective/ Alireza Bagheri -- Buddhism and Abortion/ Soraj Hongladarom -- Abortion: Shinto Perspective/ Atsushi Asai, Hiroko Ishimoto, Sakiko Masaki, Yasuhiro Kadooka -- The Ambivalence and Complexities in Hinduism in Portrayal of Abortion and Fertility/ Minakshi Bhardwaj -- Confucianism and Abortion/ Ivo Kwon -- A Survey of the United States Supreme Court?s Abortion Jurisprudence/ Michael P. Moreland -- Abortion and China?s State Birth Control Program: A Socio-Ethical Inquiry/ Jing-Bao Nie -- Feminist Accounts of Abortion/ Angela Ballantyne 606 $aAbortion$xMoral and ethical aspects 606 $aAbortion$xReligious aspects 606 $aAbortion$xLaw and legislation 615 0$aAbortion$xMoral and ethical aspects. 615 0$aAbortion$xReligious aspects. 615 0$aAbortion$xLaw and legislation. 676 $a363.46 702 $aBagheri$b Alireza 702 $aVeatch$b Robert M. 801 0$bMiAaPQ 801 1$bMiAaPQ 801 2$bMiAaPQ 906 $aBOOK 912 $a9910483611203321 996 $aAbortion$91891065 997 $aUNINA